[Event "Riga Tech op 7th"]
[Site "Riga"]
[Date "2017.08.08"]
[Round "3"]
[White "Sulskis, Sarunas"]
[Black "Sanders, Isaac B"]
[Result "1-0"]
[WhiteElo "2519"]
[BlackElo "2359"]
[PlyCount "43"]
[EventDate "2017.08.07"]
[EventType "swiss"]
[EventRounds "9"]
[EventCountry "LAT"]
[SourceTitle "CBM 179 Extra"]
[Source "ChessBase"]
[SourceDate "2017.08.23"]
[SourceVersion "1"]
[SourceVersionDate "2017.08.23"]
[SourceQuality "1"]

1. Nf3 f5 2. d3 Nc6 3. d4 e6 4. g3 d6 5. Bg2 Nf6 6. 0-0 Be7 7. c4 0-0 8. d5 Ne5 9. Nd4 Nxc4 10. dxe6 g6 11. Bh6 Re8 12. Bc6 Ng4 13. Bxe8 Qxe8 14. Qc1 Nb6 15. Bg5 c5 16. Nb5 Bxg5 17. Qxg5 Qxb5 18. Qd8+ Kg7 19. Nc3 Qc6 20. Qe7+ Kh6 21. f3 Bxe6 22. fxg4 1-0

[Event "BCF-chT1d 1617 (4NCL) Demotion pool"]
[Site "England"]
[Date "2017.04.30"]
[Round "10.61"]
[White "Sanders, Isaac B"]
[Black "Hoffmann, Hendrik"]
[Result "1/2-1/2"]
[WhiteElo "2342"]
[BlackElo "2327"]
[PlyCount "50"]
[EventDate "2016.11.19"]
[EventType "team-tourn"]
[EventRounds "4"]
[EventCountry "ENG"]
[SourceTitle "EXT 2018"]
[Source "ChessBase"]
[SourceDate "2017.10.13"]
[SourceVersion "1"]
[SourceVersionDate "2017.10.13"]
[SourceQuality "1"]
[WhiteTeam "Barbican II"]
[BlackTeam "Celtic Tigers"]
[WhiteTeamCountry "ENG"]
[BlackTeamCountry "ENG"]

1. Nf3 Nf6 2. c4 e6 3. b3 d5 4. Bb2 c5 5. e3 Nc6 6. cxd5 exd5 7. Bb5 Bd7 8. Bxc6 Bxc6 9. Ne5 Bb5 10. d3 Bd6 11. Ng4 d4 12. 0-0 h5 13. Nxf6+ Qxf6 14. exd4 0-0-0 15. Nc3 Bc6 16. Ne4 Qg6 17. Nxd6+ Rxd6 18. f3 cxd4 19. Qd2 Re8 20. Qf4 Re2 21. Rf2 Rxf2 22. Kxf2 Qxd3 23. Qxd6 Qe3+ 24. Kg3 Qg5+ 25. Kf2 Qe3+ 1/2-1/2

[Event "Pardubice Czech op-A 27th"]
[Site "Pardubice"]
[Date "2016.07.23"]
[Round "2"]
[White "Belyakov, Bogdan"]
[Black "Sanders, Isaac B"]
[Result "1-0"]
[WhiteElo "2488"]
[BlackElo "2352"]
[PlyCount "71"]
[EventDate "2016.07.22"]
[EventType "swiss"]
[EventRounds "9"]
[EventCountry "CZE"]
[SourceTitle "CBM 173 Extra"]
[Source "ChessBase"]
[SourceDate "2016.08.29"]
[SourceVersion "1"]
[SourceVersionDate "2016.08.29"]
[SourceQuality "1"]

1. g3 e5 2. Bg2 Nc6 3. Nc3 f5 4. e3 Nf6 5. d4 e4 6. Nh3 d5 7. Nf4 Bb4 8. Bd2 Ne7 9. Nxe4 fxe4 10. Bxb4 Bg4 11. f3 exf3 12. Bxf3 Bxf3 13. Qxf3 Qd7 14. Bxe7 Qxe7 15. 0-0-0 c6 16. Rhf1 0-0 17. Rde1 Rae8 18. Nd3 Nd7 19. Qe2 Rxf1 20. Qxf1 Rf8 21. Qe2 Qe4 22. Kd2 Rf5 23. Rf1 Nf6 24. Nc5 Rxf1 25. Qxf1 Qe7 26. Qf5 Ne4+ 27. Nxe4 dxe4 28. a3 g6 29. Qf4 a5 30. c4 a4 31. c5 Qd8 32. Qxe4 Qa5+ 33. Kc2 Qe1 34. Qf3 Qg1 35. Qe2 Kg7 36. Kc3 1-0

[Event "BCF-chT1b 1516 (4NCL)"]
[Site "England"]
[Date "2015.11.14"]
[Round "1.181"]
[White "Chow, Samuel"]
[Black "Sanders, Isaac B"]
[Result "0-1"]
[WhiteElo "2307"]
[BlackElo "2326"]
[PlyCount "152"]
[EventDate "2015.11.14"]
[EventType "team-swiss"]
[EventRounds "11"]
[EventCountry "ENG"]
[SourceTitle "CBM 169 Extra"]
[Source "ChessBase"]
[SourceDate "2015.12.18"]
[SourceVersion "1"]
[SourceVersionDate "2015.12.18"]
[SourceQuality "1"]
[WhiteTeam "South Wales Dragons"]
[BlackTeam "Barbican II"]
[WhiteTeamCountry "ENG"]
[BlackTeamCountry "ENG"]

1. d4 f5 2. Bg5 h6 3. Bh4 g5 4. Bg3 Nf6 5. e3 d6 6. Nf3 Bg7 7. c4 0-0 8. Nc3 c6 9. Qc2 Qe8 10. 0-0-0 Nh5 11. c5 dxc5 12. Bc4+ Kh8 13. Bxb8 Rxb8 14. dxc5 b6 15. cxb6 axb6 16. Bb3 b5 17. Ne2 Bd7 18. Qc5 Nf6 19. Ng3 f4 20. exf4 gxf4 21. Ne5 fxg3 22. Qc2 Nd5 23. Ng6+ Kg8 24. Nxf8 Qxf8 25. hxg3 Bf5 26. Qc5 e6 27. Qxf8+ Rxf8 28. Rhe1 h5 29. f4 Kf7 30. Bc2 Bxc2 31. Kxc2 Bf6 32. Rd2 Rg8 33. Rh1 Rxg3 34. Rxh5 Nxf4 35. Rc5 Nxg2 36. Rxc6 Ne3+ 37. Kb1 Nd5 38. Rc1 Ke7 39. Rh1 b4 40. Rdh2 Nf4 41. Rf1 Be5 42. Rhf2 Nd3 43. Rf3 Rxf3 44. Rxf3 Nxb2 45. Rh3 Na4 46. Kc2 Nc3 47. Kb3 Nd5 48. a3 bxa3 49. Kxa3 Nf4 50. Re3 Kf6 51. Kb3 Kf5 52. Kc2 Bd4 53. Ra3 e5 54. Kd2 e4 55. Ra5+ Ke6 56. Ra6+ Ke5 57. Ra3 Nd5 58. Ke2 Nc3+ 59. Ke1 e3 60. Ra8 Ke4 61. Re8+ Kd3 62. Rxe3+ Kxe3 63. Kf1 Kf3 64. Ke1 Ne4 65. Kd1 Kf2 66. Kc2 Nc5 67. Kd2 Be5 68. Kd1 Bc3 69. Kc2 Bb4 70. Kd1 Ke3 71. Kc2 Ke2 72. Kc1 Kd3 73. Kd1 Na4 74. Kc1 Bd2+ 75. Kb1 Kc3 76. Ka2 Kb4 0-1

[Event "Pardubice Czech op-A 26th"]
[Site "Pardubice"]
[Date "2015.08.01"]
[Round "9"]
[White "Poetsch, Hagen"]
[Black "Sanders, Isaac B"]
[Result "1-0"]
[WhiteElo "2498"]
[BlackElo "2338"]
[PlyCount "85"]
[EventDate "2015.07.24"]
[EventType "swiss"]
[EventRounds "9"]
[EventCountry "CZE"]
[SourceTitle "CBM 167 Extra"]
[Source "ChessBase"]
[SourceDate "2015.09.14"]
[SourceVersion "1"]
[SourceVersionDate "2015.09.14"]
[SourceQuality "1"]

1. e4 e5 2. Nf3 Nc6 3. Bc4 d6 4. c3 Be7 5. Qb3 Nh6 6. d4 0-0 7. Bxh6 gxh6 8. Nbd2 Bf6 9. dxe5 Nxe5 10. Nxe5 dxe5 11. Nf1 c6 12. Ng3 Bh4 13. 0-0 b5 14. Be2 Be6 15. Qc2 Bxg3 16. hxg3 Qe7 17. Qd2 Kg7 18. Qe3 a6 19. a4 Bb3 20. axb5 axb5 21. Qb6 Qe6 22. f4 Rxa1 23. Rxa1 exf4 24. Qd4+ Qf6 25. Qxf6+ Kxf6 26. gxf4 Ke6 27. Kf2 Rd8 28. Ke3 Rg8 29. Bf3 Kd6 30. Rh1 Ra8 31. Rxh6+ Kc5 32. e5 Bd5 33. Bxd5 Kxd5 34. Rxh7 Ra2 35. Rxf7 Rxb2 36. Rd7+ Ke6 37. Rd6+ Ke7 38. f5 Rxg2 39. f6+ Ke8 40. e6 Rg3+ 41. Kf4 Rg1 42. Rxc6 Rf1+ 43. Ke5 1-0

[Event "Pardubice Czech op-A 26th"]
[Site "Pardubice"]
[Date "2015.07.31"]
[Round "8"]
[White "Sanders, Isaac B"]
[Black "Simacek, Pavel"]
[Result "0-1"]
[WhiteElo "2338"]
[BlackElo "2454"]
[PlyCount "102"]
[EventDate "2015.07.24"]
[EventType "swiss"]
[EventRounds "9"]
[EventCountry "CZE"]
[SourceTitle "CBM 167 Extra"]
[Source "ChessBase"]
[SourceDate "2015.09.14"]
[SourceVersion "1"]
[SourceVersionDate "2015.09.14"]
[SourceQuality "1"]

1. d4 c5 2. d5 Nf6 3. c4 e6 4. Nc3 exd5 5. cxd5 d6 6. Nf3 g6 7. Bf4 a6 8. a4 Bg7 9. h3 0-0 10. e3 Ne8 11. Be2 Nd7 12. 0-0 b6 13. Ra3 Ne5 14. Nd2 f5 15. Bg3 Nf6 16. Bxe5 dxe5 17. Nc4 e4 18. Rb3 Nd7 19. d6 Rb8 20. Nd5 Kh8 21. Nc7 Qf6 22. Na3 Rd8 23. Bxa6 Ne5 24. Nab5 Be6 25. Nxe6 Qxe6 26. Nc7 Qf6 27. Qc2 Qxd6 28. Nb5 Qe7 29. Na3 Nc6 30. Qe2 Na5 31. Rb5 Qa7 32. b4 Nc6 33. bxc5 Qxa6 34. cxb6 Qxa4 35. Qc4 Qxa3 36. Qxc6 Qa6 37. Rfb1 Qb7 38. Qe6 Qd7 39. Qa2 Rb7 40. Qa6 Rdb8 41. Qa4 Qe6 42. Qb4 h5 43. Qc5 h4 44. Qb4 Bf6 45. Rc1 Kh7 46. Rc7+ Kh6 47. Rxb7 Rxb7 48. Qf8+ Kh7 49. Qc5 Bd8 50. Qf8 Rxb6 51. Rxb6 Bxb6 0-1

[Event "Pardubice Czech op-A 26th"]
[Site "Pardubice"]
[Date "2015.07.30"]
[Round "7"]
[White "Sanders, Isaac B"]
[Black "Miturova, Magdalena"]
[Result "1-0"]
[WhiteElo "2338"]
[BlackElo "2149"]
[PlyCount "73"]
[EventDate "2015.07.24"]
[EventType "swiss"]
[EventRounds "9"]
[EventCountry "CZE"]
[SourceTitle "CBM 167 Extra"]
[Source "ChessBase"]
[SourceDate "2015.09.14"]
[SourceVersion "1"]
[SourceVersionDate "2015.09.14"]
[SourceQuality "1"]

1. e4 e5 2. Nc3 Nf6 3. g3 d5 4. exd5 Nxd5 5. Bg2 Nxc3 6. bxc3 Bd6 7. Nf3 0-0 8. 0-0 Bg4 9. h3 Bxf3 10. Qxf3 c6 11. d4 Nd7 12. Qd3 Qc7 13. Bd2 f5 14. g4 f4 15. Rfe1 Rae8 16. Re2 Kh8 17. Rae1 Rd8 18. Be4 Nf6 19. Bf3 c5 20. dxe5 Bxe5 21. Qc4 Bd6 22. Kg2 b6 23. Re6 Nd7 24. Bc1 Ne5 25. Qd5 Nxf3 26. Qxf3 c4 27. R1e4 b5 28. Rd4 Be5 29. Rxd8 Rxd8 30. Qe4 f3+ 31. Qxf3 Bd6 32. Qe4 Qd7 33. Be3 Bc7 34. Re7 Qc8 35. Bd4 Rg8 36. Qc6 Bb6 37. Bxg7+ 1-0

[Event "Pardubice Czech op-A 26th"]
[Site "Pardubice"]
[Date "2015.07.29"]
[Round "6"]
[White "Neuman, Petr"]
[Black "Sanders, Isaac B"]
[Result "1/2-1/2"]
[WhiteElo "2470"]
[BlackElo "2338"]
[PlyCount "43"]
[EventDate "2015.07.24"]
[EventType "swiss"]
[EventRounds "9"]
[EventCountry "CZE"]
[SourceTitle "CBM 167 Extra"]
[Source "ChessBase"]
[SourceDate "2015.09.14"]
[SourceVersion "1"]
[SourceVersionDate "2015.09.14"]
[SourceQuality "1"]

1. d4 d5 2. c4 c6 3. Nf3 Nf6 4. e3 g6 5. Be2 Bg7 6. 0-0 0-0 7. Nc3 dxc4 8. Bxc4 Bg4 9. h3 Bxf3 10. Qxf3 Nbd7 11. Rd1 e5 12. d5 e4 13. Nxe4 Nxe4 14. Qxe4 Nb6 15. Rb1 Re8 16. Qc2 Nxc4 17. Qxc4 Re5 18. d6 Re6 19. d7 Qc7 20. e4 Rd8 21. Qd3 Re7 22. Bg5 1/2-1/2

[Event "Pardubice Czech op-A 26th"]
[Site "Pardubice"]
[Date "2015.07.28"]
[Round "5"]
[White "Sanders, Isaac B"]
[Black "Narayanan, Srinath"]
[Result "1/2-1/2"]
[WhiteElo "2338"]
[BlackElo "2464"]
[PlyCount "79"]
[EventDate "2015.07.24"]
[EventType "swiss"]
[EventRounds "9"]
[EventCountry "CZE"]
[SourceTitle "CBM 167 Extra"]
[Source "ChessBase"]
[SourceDate "2015.09.14"]
[SourceVersion "1"]
[SourceVersionDate "2015.09.14"]
[SourceQuality "1"]

1. e4 c5 2. Nc3 d6 3. g3 g6 4. Bg2 Bg7 5. d3 Nc6 6. f4 e6 7. Nf3 Nge7 8. 0-0 0-0 9. Be3 Nd4 10. Rb1 Qa5 11. a3 Rb8 12. Ne2 Nxe2+ 13. Qxe2 b5 14. b4 cxb4 15. axb4 Qc7 16. Qf2 a5 17. bxa5 Qxa5 18. Ba7 Rb7 19. Bd4 Bxd4 20. Nxd4 e5 21. Nb3 Qa7 22. d4 Rc7 23. fxe5 dxe5 24. d5 Qxf2+ 25. Rxf2 Rd8 26. Nc1 f5 27. Rxb5 fxe4 28. Bxe4 Bf5 29. Bxf5 Nxf5 30. Nb3 Ne3 31. Re2 Rc3 32. Rc5 Rxc5 33. Nxc5 Rxd5 34. Ne4 Rd1+ 35. Kf2 Nc4 36. Ng5 Rc1 37. Nf3 Kg7 38. Ne1 Kf6 39. Re4 Na3 40. Rxe5 1/2-1/2

[Event "Pardubice Czech op-A 26th"]
[Site "Pardubice"]
[Date "2015.07.26"]
[Round "3"]
[White "Sanders, Isaac B"]
[Black "Lalic, Bogdan"]
[Result "1/2-1/2"]
[WhiteElo "2338"]
[BlackElo "2480"]
[PlyCount "30"]
[EventDate "2015.07.24"]
[EventType "swiss"]
[EventRounds "9"]
[EventCountry "CZE"]
[SourceTitle "CBM 167 Extra"]
[Source "ChessBase"]
[SourceDate "2015.09.14"]
[SourceVersion "1"]
[SourceVersionDate "2015.09.14"]
[SourceQuality "1"]

1. d4 Nf6 2. Nf3 e6 3. g3 b5 4. Bg5 Bb7 5. Nbd2 c5 6. c3 cxd4 7. cxd4 Nc6 8. e3 a6 9. Bg2 Be7 10. 0-0 0-0 11. Bxf6 Bxf6 12. Ne4 d6 13. Nxf6+ Qxf6 14. Nd2 Rac8 15. Rc1 Qe7 1/2-1/2

[Event "BCF-chT1c 1415 (4NCL) Promotion pool"]
[Site "England"]
[Date "2015.05.04"]
[Round "11.114"]
[White "Sanders, Isaac B"]
[Black "Van Kampen, Robin"]
[Result "1/2-1/2"]
[WhiteElo "2311"]
[BlackElo "2617"]
[PlyCount "36"]
[EventDate "2014.11.15"]
[EventType "team-tourn"]
[EventRounds "4"]
[EventCountry "ENG"]
[SourceTitle "EXT 2023"]
[Source "ChessBase"]
[SourceDate "2022.10.05"]
[SourceVersion "1"]
[SourceVersionDate "2022.10.05"]
[SourceQuality "1"]
[WhiteTeam "Barbican"]
[BlackTeam "Guildford"]
[WhiteTeamCountry "ENG"]
[BlackTeamCountry "ENG"]

1. Nf3 Nf6 2. g3 b6 3. Bg2 Bb7 4. 0-0 g6 5. d4 Bg7 6. c4 0-0 7. Nc3 Ne4 8. Nxe4 Bxe4 9. Bg5 c5 10. Qd2 cxd4 11. Nxd4 Bxg2 12. Kxg2 d5 13. Bh6 Bxh6 14. Qxh6 dxc4 15. Nf3 f6 16. Qe3 Qe8 17. Rfc1 Qf7 18. Qe4 Nd7 1/2-1/2

[Event "BCF-chT1c 1415 (4NCL) Promotion pool"]
[Site "England"]
[Date "2015.05.02"]
[Round "9.115"]
[White "Harvey, Marcus Ross"]
[Black "Sanders, Isaac B"]
[Result "1/2-1/2"]
[WhiteElo "2317"]
[BlackElo "2311"]
[PlyCount "154"]
[EventDate "2014.11.15"]
[EventType "team-tourn"]
[EventRounds "4"]
[EventCountry "ENG"]
[SourceTitle "EXT 2023"]
[Source "ChessBase"]
[SourceDate "2022.10.05"]
[SourceVersion "1"]
[SourceVersionDate "2022.10.05"]
[SourceQuality "1"]
[WhiteTeam "Oxford"]
[BlackTeam "Barbican"]
[WhiteTeamCountry "ENG"]
[BlackTeamCountry "ENG"]

1. Nf3 d5 2. g3 Nc6 3. d4 Bg4 4. h3 Bxf3 5. exf3 e5 6. dxe5 Nxe5 7. f4 Nc4 8. Bxc4 dxc4 9. Qe2+ Qe7 10. Be3 Qe6 11. Nd2 c3 12. bxc3 0-0-0 13. Qc4 Qxc4 14. Nxc4 Nh6 15. g4 f6 16. Rb1 b6 17. Ke2 Nf7 18. Rhd1 Nd6 19. Nxd6+ Bxd6 20. Rd5 Kd7 21. c4 Kc6 22. Rbd1 Rde8 23. Kf3 Re7 24. a4 Rhe8 25. c3 Rf7 26. a5 Rfe7 27. a6 Rh8 28. Rf5 Re6 29. Rb5 Re7 30. Rdd5 g6 31. h4 Rf7 32. f5 Be5 33. Bd4 gxf5 34. gxf5 Bd6 35. Rb1 Rg8 36. Re1 h5 37. Re4 Rg1 38. Re8 Ra1 39. Re6 Ra4 40. Rxf6 Rxf6 41. Bxf6 Rxc4 42. Rd4 Rxc3+ 43. Ke4 Rc2 44. f4 Re2+ 45. Kd3 Re8 46. Bg7 Kd7 47. f6 Ke6 48. Kc4 Kf7 49. Kb5 Rc8 50. Kc6 Rb8 51. Rd5 b5 52. Rxb5 Rxb5 53. Kxb5 Bxf4 54. Kc6 Be3 55. Kxc7 Bf4+ 56. Kc6 Bd2 57. Kb7 Be3 58. Kb8 Kg6 59. Bf8 Kxf6 60. Kb7 Ke6 61. Kc6 Bf2 62. Bb4 Bb6 63. Be1 Be3 64. Bg3 Bb6 65. Bb8 Bf2 66. Bf4 Bb6 67. Bg3 Be3 68. Kc7 Bb6+ 69. Kc8 Ke7 70. Bf4 Ke6 71. Bg3 Ke7 72. Bc7 Bxc7 73. Kxc7 Ke6 74. Kc6 Ke5 75. Kc5 Ke6 76. Kd4 Kd6 77. Ke4 Ke6 1/2-1/2

[Event "BCF-chT1d 1415 (4NCL) Demotion pool"]
[Site "England"]
[Date "2015.03.29"]
[Round "8.171"]
[White "Sanders, Isaac B"]
[Black "Merry, Alan B"]
[Result "1/2-1/2"]
[WhiteElo "2305"]
[BlackElo "2349"]
[PlyCount "79"]
[EventDate "2014.11.15"]
[EventType "team-tourn"]
[EventRounds "4"]
[EventCountry "ENG"]
[SourceTitle "EXT 2016"]
[Source "ChessBase"]
[SourceDate "2015.10.08"]
[SourceVersion "1"]
[SourceVersionDate "2015.10.08"]
[SourceQuality "1"]
[WhiteTeam "Barbican II"]
[BlackTeam "The ADS"]
[WhiteTeamCountry "ENG"]
[BlackTeamCountry "ENG"]

1. Nf3 d5 2. d4 Bf5 3. g3 Nc6 4. Bg2 Nb4 5. Na3 c6 6. 0-0 Nf6 7. c3 Na6 8. c4 e6 9. b3 b6 10. Nc2 Bd6 11. Nce1 0-0 12. Nd3 Nb8 13. Bf4 Bxd3 14. Qxd3 Bxf4 15. gxf4 Ne4 16. Ne5 f5 17. Bxe4 dxe4 18. Qe3 Nd7 19. Nxd7 Qxd7 20. f3 exf3 21. exf3 Rad8 22. Rad1 Qf7 23. Rf2 Qf6 24. Re2 Rfe8 25. Qe5 Qxe5 26. fxe5 f4 27. Red2 g5 28. Kf2 Kg7 29. Ke2 Kg6 30. b4 Kf5 31. h3 h5 32. Kd3 Rg8 33. Rg2 Rg7 34. Rdg1 a5 35. c5 axb4 36. Kc4 Rdg8 37. Rh2 g4 38. hxg4+ hxg4 39. Rh5+ Rg5 40. Rxg4 1/2-1/2

[Event "BCF-chT1b 1415 (4NCL)"]
[Site "England"]
[Date "2015.02.14"]
[Round "5.161"]
[White "Howell, David"]
[Black "Sanders, Isaac B"]
[Result "1-0"]
[WhiteElo "2670"]
[BlackElo "2305"]
[PlyCount "157"]
[EventDate "2014.11.15"]
[EventType "team-swiss"]
[EventRounds "11"]
[EventCountry "ENG"]
[SourceTitle "EXT 2016"]
[Source "ChessBase"]
[SourceDate "2015.10.08"]
[SourceVersion "1"]
[SourceVersionDate "2015.10.08"]
[SourceQuality "1"]
[WhiteTeam "Cheddleton"]
[BlackTeam "Barbican II"]
[WhiteTeamCountry "ENG"]
[BlackTeamCountry "ENG"]

1. c4 f5 2. Nc3 Nf6 3. g3 g6 4. Bg2 Bg7 5. d3 Nc6 6. e4 d6 7. Nge2 0-0 8. 0-0 e5 9. Nd5 Be6 10. Bg5 Qd7 11. Rc1 Rf7 12. Bxf6 Bxf6 13. Nxf6+ Rxf6 14. d4 exd4 15. Nxd4 fxe4 16. Bxe4 Bh3 17. Re1 Raf8 18. f4 Bg4 19. Qd2 Kh8 20. Rc3 Nxd4 21. Qxd4 Qg7 22. Qd2 Bh3 23. Bg2 Bxg2 24. Kxg2 R6f7 25. h4 Qf6 26. Rce3 Kg8 27. R1e2 Qf5 28. Qd4 a6 29. b3 b6 30. Re6 Qg4 31. Qd5 Kh8 32. Qd4+ Kg8 33. Re8 Qf5 34. R8e3 Qg4 35. Re8 Qf5 36. R8e4 Qg4 37. Re1 Qf5 38. R1e3 Qa5 39. Re2 Qf5 40. Re1 Qg4 41. Qd5 Qf5 42. Kf3 Qf6 43. Re6 Qf5 44. Qd4 Qh5+ 45. Kf2 Qg4 46. Re8 Qf5 47. Rxf8+ Rxf8 48. Re7 Rf7 49. Re8+ Rf8 50. Qd5+ Kg7 51. Qd4+ Kg8 52. Rxf8+ Qxf8 53. g4 Qe7 54. g5 Qd7 55. Qd5+ Kg7 56. Qd4+ Kg8 57. Qd5+ Kg7 58. Qe4 Kf7 59. Kg3 Qe6 60. Qd5 Ke7 61. Qd2 Kf7 62. Qc3 Kg8 63. Qf3 Kf7 64. h5 Qe1+ 65. Kh3 gxh5 66. Qxh5+ Kg7 67. Qf3 Qg1 68. Qc3+ Kg8 69. Qd3 Kg7 70. Qc3+ Kg8 71. Qd3 Kg7 72. Qe4 Qf1+ 73. Kg3 Qg1+ 74. Kh3 Qf1+ 75. Kg4 Qd1+ 76. Kf5 Kf8 77. Kf6 Qa1+ 78. Ke6 Kg7 79. f5 1-0

[Event "London Classic op 6th"]
[Site "London"]
[Date "2014.12.14"]
[Round "9"]
[White "Sanders, Isaac B"]
[Black "Haldorsen, Benjamin"]
[Result "1-0"]
[WhiteElo "2323"]
[BlackElo "2096"]
[PlyCount "87"]
[EventDate "2014.12.08"]
[EventType "swiss"]
[EventRounds "9"]
[EventCountry "ENG"]
[SourceTitle "CBM 163 Extra"]
[Source "ChessBase"]
[SourceDate "2014.12.23"]
[SourceVersion "1"]
[SourceVersionDate "2014.12.23"]
[SourceQuality "1"]

1. e4 e5 2. Nc3 Nc6 3. g3 Nf6 4. Bg2 Bc5 5. d3 d6 6. Nge2 Bb6 7. 0-0 Be6 8. Nd5 Bxd5 9. exd5 Ne7 10. d4 h6 11. c4 exd4 12. Nxd4 0-0 13. b3 Qd7 14. Bb2 Rfe8 15. Qc2 Rad8 16. h3 c6 17. dxc6 bxc6 18. Rad1 d5 19. cxd5 cxd5 20. Kh2 Rc8 21. Qb1 Qd6 22. Bc1 Bxd4 23. Rxd4 Nc6 24. Rdd1 a5 25. Bb2 a4 26. Bxf6 Qxf6 27. Rxd5 axb3 28. Qxb3 Rb8 29. Qa3 Nb4 30. Rd2 Re6 31. Rb1 Ra6 32. Qe3 Rab6 33. Rdb2 g6 34. a3 Nd5 35. Rxb6 Rxb6 36. Rxb6 Nxb6 37. a4 Kg7 38. a5 Nc4 39. Qc5 Ne5 40. a6 Nf3+ 41. Bxf3 Qxf3 42. a7 h5 43. Qe5+ Kh7 44. Qf4 1-0

[Event "London Classic op 6th"]
[Site "London"]
[Date "2014.12.12"]
[Round "5"]
[White "Sanders, Isaac B"]
[Black "Arnetta, Maria Teresa"]
[Result "1-0"]
[WhiteElo "2323"]
[BlackElo "2027"]
[PlyCount "59"]
[EventDate "2014.12.08"]
[EventType "swiss"]
[EventRounds "9"]
[EventCountry "ENG"]
[SourceTitle "CBM 163 Extra"]
[Source "ChessBase"]
[SourceDate "2014.12.23"]
[SourceVersion "1"]
[SourceVersionDate "2014.12.23"]
[SourceQuality "1"]

1. e4 e5 2. Nf3 Nc6 3. Bc4 Nf6 4. 0-0 d6 5. Ng5 d5 6. exd5 Na5 7. Be2 Nxd5 8. d4 Be7 9. dxe5 Bxg5 10. Bxg5 Qxg5 11. Qxd5 Nc6 12. f4 Qh6 13. Nc3 0-0 14. Qe4 Ne7 15. Qe3 Bf5 16. Rac1 Rfd8 17. Bf3 Qa6 18. Rfd1 Rab8 19. Qc5 Qb6 20. Qxb6 Rxd1+ 21. Rxd1 axb6 22. g4 Be6 23. f5 Bc4 24. Rd7 Nc6 25. Bxc6 bxc6 26. Rxc7 c5 27. Kf2 Re8 28. b3 Ba6 29. Ra7 Bc8 30. Nd5 1-0

[Event "Vlissingen HZ op 18th"]
[Site "Vlissingen"]
[Date "2014.08.03"]
[Round "3"]
[White "Ernst, Sipke"]
[Black "Sanders, Isaac B"]
[Result "1-0"]
[WhiteElo "2566"]
[BlackElo "2282"]
[PlyCount "49"]
[EventDate "2014.08.02"]
[EventType "swiss"]
[EventRounds "9"]
[EventCountry "NED"]
[SourceTitle "CBM 161 Extra"]
[Source "ChessBase"]
[SourceDate "2014.08.29"]
[SourceVersion "1"]
[SourceVersionDate "2014.08.29"]
[SourceQuality "1"]

1. d4 Nf6 2. Nf3 e6 3. c4 b6 4. e3 Bb7 5. Bd3 Be7 6. b3 0-0 7. 0-0 d5 8. cxd5 exd5 9. Ba3 Bxa3 10. Nxa3 Qe7 11. Nb5 c5 12. Rc1 Nc6 13. Re1 Rfe8 14. dxc5 bxc5 15. Nc3 Rad8 16. Na4 Ne4 17. Bb5 a6 18. Bxc6 Bxc6 19. Nxc5 Nxc5 20. Qc2 d4 21. Qxc5 Qxc5 22. Rxc5 Bxf3 23. gxf3 d3 24. Rd1 Re6 25. Rxd3 1-0

[Event "Pardubice Czech op-A 25th"]
[Site "Pardubice"]
[Date "2014.07.22"]
[Round "5"]
[White "Sanders, Isaac B"]
[Black "Plischki, Sebastian"]
[Result "0-1"]
[WhiteElo "2262"]
[BlackElo "2433"]
[PlyCount "78"]
[EventDate "2014.07.18"]
[EventType "swiss"]
[EventRounds "9"]
[EventCountry "CZE"]
[SourceTitle "CBM 161 Extra"]
[Source "ChessBase"]
[SourceDate "2014.08.29"]
[SourceVersion "1"]
[SourceVersionDate "2014.08.29"]
[SourceQuality "1"]

1. d4 Nf6 2. g3 c5 3. dxc5 e6 4. Be3 Na6 5. Bg2 Nxc5 6. c4 Be7 7. Nf3 0-0 8. 0-0 b6 9. Ne5 Rb8 10. Nc3 Bb7 11. b4 Bxg2 12. Kxg2 Na6 13. a3 Qc7 14. Bf4 g5 15. Ng6 Qb7+ 16. f3 hxg6 17. Bxb8 Nxb8 18. Rc1 d6 19. Qd2 g4 20. Qf4 gxf3+ 21. Qxf3 Qxf3+ 22. exf3 Nbd7 23. Nb5 a6 24. Nc7 Nb8 25. Na8 Nfd7 26. a4 Nc6 27. b5 Nb4 28. Nc7 a5 29. Rfd1 Nc5 30. Na6 Ncxa6 31. bxa6 Nxa6 32. h4 Rc8 33. f4 Nc5 34. h5 gxh5 35. Rh1 h4 36. Kf3 Nxa4 37. gxh4 Kh7 38. h5 Nb2 39. h6 Nxc4 0-1

[Event "Pardubice Czech op-A 25th"]
[Site "Pardubice"]
[Date "2014.07.18"]
[Round "1"]
[White "Sanders, Isaac B"]
[Black "Cvek, Robert"]
[Result "1/2-1/2"]
[WhiteElo "2262"]
[BlackElo "2516"]
[PlyCount "46"]
[EventDate "2014.07.18"]
[EventType "swiss"]
[EventRounds "9"]
[EventCountry "CZE"]
[SourceTitle "CBM 161 Extra"]
[Source "ChessBase"]
[SourceDate "2014.08.29"]
[SourceVersion "1"]
[SourceVersionDate "2014.08.29"]
[SourceQuality "1"]

1. d4 Nf6 2. g3 d5 3. Nf3 c6 4. Bg2 Bf5 5. c4 e6 6. Nc3 Nbd7 7. 0-0 h6 8. Nd2 Be7 9. e4 dxe4 10. Ndxe4 0-0 11. Qe2 Nxe4 12. Nxe4 Nf6 13. Rd1 Nxe4 14. Bxe4 Bxe4 15. Qxe4 Bf6 16. Bf4 Qb6 17. Rd2 Qb4 18. b3 Rfd8 19. Rad1 Rd7 20. Qf3 Rad8 21. Bxh6 Rxd4 22. Rxd4 Rxd4 23. Be3 Rxd1+ 1/2-1/2

[Event "BCF-chT1c 1314 (4NCL) Promotion pool"]
[Site "England"]
[Date "2014.03.23"]
[Round "8.144"]
[White "Baburin, Alexander"]
[Black "Sanders, Isaac B"]
[Result "1-0"]
[WhiteElo "2503"]
[BlackElo "2269"]
[PlyCount "41"]
[EventDate "2013.11.16"]
[EventType "team-tourn"]
[EventRounds "4"]
[EventCountry "ENG"]
[SourceTitle "EXT 2015"]
[Source "ChessBase"]
[SourceDate "2014.11.20"]
[SourceVersion "1"]
[SourceVersionDate "2014.11.20"]
[SourceQuality "1"]
[WhiteTeam "Wood Green Hilsmark"]
[BlackTeam "Barbican II"]
[WhiteTeamCountry "ENG"]
[BlackTeamCountry "ENG"]

1. d4 Nf6 2. c4 e6 3. Nc3 Bb4 4. Qc2 c5 5. dxc5 Bxc5 6. Nf3 Qb6 7. e3 Qc7 8. b3 b6 9. Bb2 a6 10. Ne4 Nxe4 11. Qxe4 0-0 12. Qg4 Bb4+ 13. Kd1 f6 14. Bd3 Bb7 15. h4 Bxf3+ 16. gxf3 Nc6 17. Rg1 Rf7 18. Bxf6 Qd6 19. Ke2 Qf8 20. Qh5 h6 21. Bb2 1-0